Statistics for Charles Dickens Novels Quiz

Click here to take the quiz!

General Stats

  • This quiz has been taken 28,267 times
  • The average score is 7 of 20

Answer Stats

YearNovel% Correct
1837Oliver Twist
84%
1843A Christmas Carol
78%
1860Great Expectations
77%
1859A Tale of Two Cities
76%
1849David Copperfield
57%
1838Nicholas Nickleby
42%
1852Bleak House
42%
1836The Pickwick Papers
41%
1840The Old Curiosity Shop
31%
1855Little Dorrit
31%
1854Hard Times
28%
1870The Mystery of Edwin Drood
25%
1843Martin Chuzzlewit
23%
1846Dombey and Son
20%
1841Barnaby Rudge
18%
1864Our Mutual Friend
18%
1845The Cricket on the Hearth
11%
1844The Chimes
9%
1848The Haunted Man and the Ghost's Bargain
6%
1846The Battle of Life
6%

Score Distribution

Percentile by Number Answered

Percent of People with Each Score

Your Score History

You have not taken this quiz